|
|
|
|
| LEADER |
00000nab a2200000 ar4500 |
| 001 |
vtls010080266 |
| 003 |
SK-MaSNL |
| 005 |
20260304042625.0 |
| 008 |
100326c20100319xo |||||||||||000 b|slo |
| 015 |
|
|
|a SNBRB2010/03
|2 snkbucl
|
| 038 |
|
|
|a SNKBUCL
|
| 040 |
|
|
|a SNKBUCL
|b slo
|c SNKBUCL
|e AACR2
|
| 041 |
0 |
|
|a slo
|
| 044 |
|
|
|a xo
|c SK
|
| 080 |
|
|
|a 633:551.515"324"
|x (437.6)
|2 1997
|
| 245 |
0 |
0 |
|a Vplyv tohtoročnej dlhej zimy na vegetáciu
|c Michal Sviček ... [et al.]
|
| 300 |
|
|
|b Mp.
|
| 648 |
|
7 |
|a 2009-2010
|2 snkbucl
|9 327042
|
| 650 |
0 |
7 |
|a vegetácia
|2 snkbucl
|9 15727
|
| 650 |
0 |
7 |
|a počasie
|2 snkbucl
|9 942
|
| 650 |
0 |
7 |
|a zima
|2 snkbucl
|9 49696
|
| 651 |
|
7 |
|a Slovensko
|2 snkbucl
|
| 700 |
1 |
|
|a Sviček, Michal
|4 aut
|9 18007
|
| 700 |
1 |
|
|a Klikušovská, Zuzana
|4 aut
|9 435664
|
| 700 |
1 |
|
|a Číčová, Tatiana
|4 aut
|9 599207
|
| 700 |
1 |
|
|a Nováková, Martina
|4 aut
|9 317768
|
| 773 |
0 |
|
|t Sme. Roľnícke noviny
|g Č. 65 (19.3.2010)
|x 1335-440X
|
| 773 |
0 |
8 |
|i Príl.:
|t Roľnícke noviny
|g Č. 12 (17.3.2010), s. 6
|
| 852 |
|
|
|a SNK
|b KIS3GCP
|
| 958 |
|
|
|a SK
|
| 999 |
|
|
|c 2675430
|d 2677360
|